000 00979nam a22002417a 4500
005 20250321125103.0
008 250321b |||||||| |||| 00| 0 eng d
020 _a978-93-6944-185-3 (pbk)
037 _cTB
040 _aCRL
_cCRL
041 _2hin
_ahin
084 _aNRwN58 152R5
_qCRL
100 _aबोस, डेरेक
245 _aसमीर:
_bलफ्जों के साथ सफरनामा
260 _aनई दिल्ली, भारत:
_bवाणी प्रकाशन,
_c2025
300 _a191पृ0
365 _b299.00
_cINR
650 _aललित कला
_9156314
650 _aसंगीत
700 _aमिलिंद, प्रभात (अनुवादक)
942 _2CC
_cTB
_hNRwN58 152R5
_n0
999 _c1269194
_d1269194